Score 0/16 Timer 02:00
0 Plays Today
Michael Caine Film Missing Word % Correct
___ CongenialityMiss
95.5%
Dressed to ___Kill
85%
The ___ JobItalian
83%
Dirty Rotten ___Scoundrels
82.2%
The ___ House RulesCider
82.1%
The Dark ___Knight
80.7%
___ It on RioBlame
74.2%
Hannah and Her ___Sisters
71.3%
Michael Caine Film Missing Word % Correct
___ BeginsBatman
70.8%
A ___ Too FarBridge
69.1%
___ CarterGet
63.8%
Austin Powers in ___Goldmember
57.6%
___ of MenChildren
46%
___ RitaEducating
44.2%
The ___ Christmas CarolMuppet
42.4%
___ a ClueWithout
31.7%

Today's Daily Dose

Missing Word
'T' Pairs

Word Ladder
Game Pieces

Get the Picture
Baseball Movies

Remove Ads.
Support Sporcle.
Get the best of Sporcle when you Go Orange. This ad-free experience offers more features, more stats, and more fun while also helping to support Sporcle. Thank you for becoming a member.

You're not logged in!

Compare scores with friends on all Sporcle quizzes.
OR
Log In

Show Comments

Extras

Top Quizzes Today


Score Distribution

Your Account Isn't Verified!

In order to create a playlist on Sporcle, you need to verify the email address you used during registration. Go to your Sporcle Settings to finish the process.

Report this User

Report this user for behavior that violates our Community Guidelines.

Details: